| 000 | 00664nam a2200181Ia 4500 | ||
|---|---|---|---|
| 008 | 090124s9999 xx 000 0 und d | ||
| 082 |
_b25701 _a2697 |
||
| 100 | _aमाळी माधव | ||
| 245 | _a आणि एकदा गंमतच झाली आणि उत्तरार्ध | ||
| 250 | _a1 | ||
| 260 | _c1988 | ||
| 300 | _a41 | ||
| 600 | _aमाळी माधव | ||
| 630 | _a आणि एकदा गंमतच झाली आणि उत्तरार्ध | ||
| 700 | _aमाळी माधव | ||
| 730 | _a आणि एकदा गंमतच झाली आणि उत्तरार्ध | ||
| 942 | _cBOOK | ||
| 999 |
_c139205 _d139205 |
||